| 000 | 01260pam a2200373 a 4500 | ||
|---|---|---|---|
| 001 | 598902 | ||
| 003 | NUST - PNEC | ||
| 005 | 20170116180851.0 | ||
| 008 | 910806s1992 paua b 001 0 eng c | ||
| 010 | _a 91031268 | ||
| 020 | _a0721644023 | ||
| 020 | _a0721644015 | ||
| 040 |
_aDNLM/DLC _cLIBRARY _dDLC |
||
| 050 | 0 | 0 |
_aRC46 _b.C423 1992 |
| 060 | _aWB 100 C3888 | ||
| 082 | 0 | 0 | _a616 WYN |
| 100 |
_95716 _aWyngaarden, James B. |
||
| 245 | 0 | 0 |
_aCecil textbook of medicine Vol.1 _cedited by James B. Wyngaarden, Lloyd H. Smith, Jr., J. Claude Bennett. |
| 250 | _a19th ed. | ||
| 260 |
_aPhiladelphia : _bW.B. Saunders Co., _cc1992. |
||
| 300 |
_bcol. ill. ; _c29 cm. |
||
| 500 | _aRev. ed. of: Textbook of medicine / [edited by] Cecil. 18th ed. 1988. | ||
| 504 | _aIncludes bibliographical references and index. | ||
| 650 | 0 |
_aInternal medicine. _xGeneral |
|
| 650 | 2 | _aMedicine. | |
| 700 | 1 |
_aCecil, Russell L. _q(Russell La Fayette), _d1881-1965. |
|
| 700 | 1 |
_aWyngaarden, James B., _d1924- |
|
| 700 | 1 |
_aSmith, Lloyd H., _d1924- |
|
| 700 | 1 | _aBennett, J. Claude. | |
| 740 | 0 | _aTextbook of medicine. | |
| 906 |
_a7 _bcbc _corignew _d1 _eocip _f19 _gy-gencatlg |
||
| 942 |
_2ddc _cBK |
||
| 999 |
_c64633 _d64633 |
||